Представление документа в формате RUSMARC

ПолеНазваниеЗначение
  Тип записи c
  Библиографический уровень m
001 Контрольный номер RU/УОНБ/EK_N/563967705
005 Дата корректировки 20251111121431.0
100 Данные общей обработки __
a Данные общей обработки 20171114d1963 u |0rusy0189||||ca
101 Язык документа 0_
a Язык текста rus
102 Страна публикации __
a Страна публикации RU
105 Кодированные данные (монография) __
a Кодированные данные (монография) y###||||000|y
200 Заглавие и сведения об ответственности 1_
a Заглавие Школа беглости
b Общее обозначение материала Ноты
e Сведения, относящиеся к заглавию этюды для фп.
e Сведения, относящиеся к заглавию соч. 136
f Первые сведения об ответственности А. Лешгорн
210 Выходные данные 1_
a Место издания Москва
c Издательство Музгиз
d Дата издания 1963-
215 Физическое описание __
d Формат 29 см
686 Индексы других классификаций __
a Классификационный индекс 85
2 Код системы rubbk
700 Автор _1
a Фамилия Лешгорн
b Имя (инициалы) А.
g Полное личное имя Альберт
801 Источник записи _0
a Страна RU
b Организация Ульяновская ОНБ
c Дата составления 20171114
g Правила каталогизации RCR
801 Источник записи _1
a Страна RU
b Организация Ульяновская ОНБ
c Дата составления 20171114
g Правила каталогизации RCR
901 Тип документа __
t Тип документа v
909 Создатель записи __
a Создатель записи Никитина Т. А.
938 Служебная информация __
a Имя БД noti
b Имя библиотеки УОНБ
c Имя АИБС МАРК-SQL
d Номер DOC_ID в БД 17174